[Event "IECG CP.2002.P.00058 email"]
[Site "IECG email"]
[Date "2002.10.01"]
[Round "?"]
[White "Quintero Calderon, Raul"]
[Black "Leisner, Jon S"]
[Result "1-0"]
[WhiteElo "1748"]
[BlackElo "1488"]
[PlyCount "65"]
[EventDate "2002.10.01"]
[EventType "tourn (corr)"]
[EventRounds "6"]
[EventCountry "GER"]
[SourceTitle "Corr 2008"]
[Source "ChessBase"]
[SourceDate "2008.06.24"]
[SourceVersion "1"]
[SourceVersionDate "2008.06.24"]
[SourceQuality "1"]

1. Nf3 Nf6 2. b3 d5 3. Bb2 Bg4 4. e3 c6 5. Be2 Nbd7 6. d3 e6 7. h3 Bxf3 8. Bxf3 Bd6 9. Nd2 Ne5 10. Qe2 Qc7 11. a3 a5 12. 0-0 0-0 13. c4 Nxf3+ 14. Nxf3 Qe7 15. e4 dxe4 16. dxe4 e5 17. Rfd1 Rfe8 18. Nh4 g6 19. Rd3 Nh5 20. Nf5 gxf5 21. Qxh5 f4 22. Rad1 Rad8 23. R1d2 Qf6 24. Bc3 Re6 25. Qg4+ Kh8 26. Qf5 Qe7 27. Bxa5 Rg8 28. Rxd6 Rxd6 29. Bb4 Rgd8 30. Bxd6 Rxd6 31. Rxd6 Qxd6 32. Qxf7 Qxa3 33. Qe8+ 1-0

[Event "IECG CP.2002.P.00058 email"]
[Site "IECG email"]
[Date "2002.10.01"]
[Round "?"]
[White "Simon, Holger"]
[Black "Quintero Calderon, Raul"]
[Result "1-0"]
[WhiteElo "2058"]
[BlackElo "1748"]
[PlyCount "85"]
[EventDate "2002.10.01"]
[EventType "tourn (corr)"]
[EventRounds "6"]
[EventCountry "GER"]
[SourceTitle "Corr 2008"]
[Source "ChessBase"]
[SourceDate "2008.06.24"]
[SourceVersion "1"]
[SourceVersionDate "2008.06.24"]
[SourceQuality "1"]

1. d4 Nf6 2. c4 d6 3. Nc3 Nbd7 4. e4 e5 5. Nf3 c6 6. Be2 Be7 7. 0-0 0-0 8. Re1 a6 9. Bf1 b5 10. a3 Re8 11. Bg5 Bb7 12. Rc1 h6 13. Bh4 Rc8 14. b4 exd4 15. Nxd4 c5 16. bxc5 Nxc5 17. cxb5 Nfxe4 18. Bxe7 Rxe7 19. Nf5 Re5 20. Qg4 Rxf5 21. Qxf5 Nb3 22. Nxe4 Rxc1 23. Rxc1 Nxc1 24. bxa6 Ba8 25. Nxd6 Qxd6 26. Qc8+ Qf8 27. Qxc1 Kh7 28. Qc7 Qxa3 29. Qxf7 Be4 30. a7 Qa4 31. Qc4 Qe8 32. Bd3 Bxd3 33. Qxd3+ g6 34. Qb1 Qc6 35. h3 Qa6 36. Qb8 Qa1+ 37. Kh2 Qa5 38. a8Q Qxa8 39. Qxa8 h5 40. Kg3 g5 41. Qc6 Kg7 42. h4 Kf8 43. Qd7 1-0

[Event "IECG CP.2002.P.00058 email"]
[Site "IECG email"]
[Date "2002.10.01"]
[Round "?"]
[White "Wurschner, Miroslav"]
[Black "Quintero Calderon, Raul"]
[Result "1-0"]
[WhiteElo "2227"]
[BlackElo "1748"]
[PlyCount "69"]
[EventDate "2002.10.01"]
[EventType "tourn (corr)"]
[EventRounds "6"]
[EventCountry "GER"]
[SourceTitle "Corr 2008"]
[Source "ChessBase"]
[SourceDate "2008.06.24"]
[SourceVersion "1"]
[SourceVersionDate "2008.06.24"]
[SourceQuality "1"]

1. e4 b6 2. d4 Bb7 3. Bd3 e6 4. c4 Nc6 5. Ne2 Nb4 6. 0-0 Nxd3 7. Qxd3 d6 8. Nbc3 Ne7 9. d5 Qd7 10. f4 g6 11. Be3 Bg7 12. Nd4 0-0-0 13. a4 exd5 14. exd5 c5 15. dxc6 Nxc6 16. Ndb5 Rhe8 17. Nd5 Kb8 18. a5 bxa5 19. Qb3 Re4 20. Nxa7 Nd4 21. Qb6 Rde8 22. Nb5 Nc6 23. c5 dxc5 24. Bxc5 Re2 25. Rad1 R8e6 26. Nf6 Qxd1 27. Rxd1 Bxf6 28. Bd6+ Rxd6 29. Rxd6 Rxb2 30. Rxf6 Rb1+ 31. Kf2 Rb2+ 32. Ke3 Rb3+ 33. Kd2 Rb2+ 34. Kc1 Rxb5 35. Qxb5 1-0

[Event "IECG CB.2001.0.00019 email"]
[Site "IECG email"]
[Date "2001.11.22"]
[Round "1"]
[White "Barkwell, Michael"]
[Black "Quintero Calderon, Raul"]
[Result "0-1"]
[WhiteElo "1914"]
[BlackElo "1800"]
[PlyCount "82"]
[EventDate "2001.11.22"]
[EventType "tourn (corr)"]
[EventRounds "6"]
[SourceTitle "Corr 2024"]
[Source "ChessBase"]
[SourceDate "2023.10.19"]
[SourceVersion "1"]
[SourceVersionDate "2023.10.19"]
[SourceQuality "1"]

1. e4 b6 2. d4 e6 3. Nc3 Bb7 4. Bd3 Nf6 5. Nf3 Bb4 6. Bd2 Bxc3 7. Bxc3 Nxe4 8. Bxe4 Bxe4 9. 0-0 0-0 10. Re1 d5 11. Nd2 Bf5 12. Nf1 Nc6 13. Ng3 Bg6 14. Qe2 Qh4 15. Rad1 a5 16. a3 Rfb8 17. b3 b5 18. Bb2 a4 19. b4 h6 20. Qf3 Ne7 21. Re2 Re8 22. Qc3 c6 23. Rde1 Rac8 24. Bc1 Kh7 25. Be3 Red8 26. Qc5 Ng8 27. f3 Nf6 28. Nf1 Nh5 29. Bf2 Qg5 30. Ng3 Nf4 31. Re5 Qf6 32. Ne2 Nxe2+ 33. R5xe2 Re8 34. Bg3 Bf5 35. Bd6 Qd8 36. Be5 Qg5 37. Bd6 Kh8 38. Rb1 Bh7 39. Rbe1 Bg6 40. Re3 Bf5 41. R3e2 Qf6 0-1